| 000 | 00787cab a2200229 4500 | ||
|---|---|---|---|
| 001 | ABS59762 | ||
| 008 | 090401t1998 xxu||||| |||| 00| 0 eng d | ||
| 035 | _a(Sirsi) u90201 | ||
| 041 | _aeng | ||
| 100 | _aPrest, A. | ||
| 245 | _aPerformance standards: some considerations | ||
| 260 | _c1998 | ||
| 350 | _a0 | ||
| 490 |
_aBuilding Engineer _v73(10) December 1998, 10-12(3) |
||
| 520 | _aThe Construction Minister has endorsed proposals for the creation of Performance Standards for building control. Examines the issues and reasons for the development of standards. | ||
| 650 |
_aBUILDING CONTROL _96222 |
||
| 650 |
_aBUILDING REGULATIONS _96224 |
||
| 650 | _aPERFORMANCE STANDARDS | ||
| 690 | _aBUILDING AND CONSTRUCTION-CONTROL | ||
| 942 | _n0 | ||
| 948 | _c08/12/1998 | ||
| 999 |
_c57153 _d57153 |
||